LEADER 01188cam0-2200349---450- 001 990005727960403321 005 20100921104511.0 035 $a000572796 035 $aFED01000572796 035 $a(Aleph)000572796FED01 035 $a000572796 100 $a19990604d1932----km-y0itay50------ba 101 0 $aita 102 $aIT 105 $ay---r---001yy 200 1 $a<>carattere nazionale del pensiero e dell'educazione$epagine scelte dall'introduzione allo studio della filosofia e da altre opere$fVincenzo Gioberti$gcon introduzione e commento di Vincenzo Graziani 210 $aCittą di Castello$cFrancesco Perrella$d1932 215 $a164 p.$d22 cm 225 1 $aSemina flammae$iClassici del pensiero$v8 610 0 $aFilosofia 676 $a195 700 1$aGioberti,$bVincenzo$f<1801-1852>$068480 702 1$aGraziani,$bVincenzo 801 0$aIT$bUNINA$gREICAT$2UNIMARC 901 $aBK 912 $a990005727960403321 952 $aP.1 FG 2012$bIST.ST.FIL. 1977$fFLFBC 952 $aP.1 FG 2012 BIS$bIST.ST.FIL. 1977 bis$fNAP03 959 $aFLFBC 959 $aNAP03 996 $aCarattere nazionale del pensiero e dell'educazione$9573365 997 $aUNINA